Evaluating and Improving Risk Assessment Schemes for Sexual Recidivism

Saved in:  
Bibliographic Details
Authors: Knight, Raymond A. (Author) ; Thornton, David 1953- (Author)
Format: Electronic Book
Language:English
Published: [Erscheinungsort nicht ermittelbar] [Verlag nicht ermittelbar]
Online Access: Volltext (lizenzpflichtig)
Volltext (lizenzpflichtig)
Check availability: HBZ Gateway
Subito Delivery Service: Order now.

MARC

LEADER 00000cam a22000002c 4500
001 1912541831
003 DE-627
005 20250206054903.0
007 cr uuu---uuuuu
008 241217nuuuuuuuuxx |||||o 00| ||eng c
035 |a (DE-627)1912541831 
035 |a (DE-599)KXP1912541831 
040 |a DE-627  |b ger  |c DE-627  |e rda 
041 |a eng 
084 |a 2,1  |2 ssgn 
100 1 |a Knight, Raymond A.  |e VerfasserIn  |4 aut 
245 1 0 |a Evaluating and Improving Risk Assessment Schemes for Sexual Recidivism 
264 1 |a [Erscheinungsort nicht ermittelbar]  |b [Verlag nicht ermittelbar] 
336 |a Text  |b txt  |2 rdacontent 
337 |a Computermedien  |b c  |2 rdamedia 
338 |a Online-Ressource  |b cr  |2 rdacarrier 
700 1 |a Thornton, David  |d 1953-  |e VerfasserIn  |0 (DE-588)1061622592  |0 (DE-627)806018585  |0 (DE-576)417891741  |4 aut 
787 0 8 |i Forschungsdaten  |a Knight, Raymond  |t Risk Assessment and Schemes for Sexual Recidivism: A 25 Year Follow-Up of Convicted Sex Offenders Referred to the Massachusetts Treatment Center, 1959-1984  |d [Erscheinungsort nicht ermittelbar] : [Verlag nicht ermittelbar], 2010  |w (DE-627)1840053879 
856 4 0 |u https://www.ncjrs.gov/App/Publications/abstract.aspx?ID=239283  |x Verlag  |z lizenzpflichtig  |3 Volltext  |7 1 
856 4 0 |u https://www.ncjrs.gov/pdffiles1/nij/grants/217618.pdf  |q application/pdf  |x Verlag  |z lizenzpflichtig  |3 Volltext  |7 1 
935 |a mkri 
951 |a BO 
ELC |a 1 
LOK |0 000 xxxxxcx a22 zn 4500 
LOK |0 001 4637507332 
LOK |0 003 DE-627 
LOK |0 004 1912541831 
LOK |0 005 20241217044427 
LOK |0 008 241217||||||||||||||||ger||||||| 
LOK |0 035   |a (DE-2619)ICPSR108787 
LOK |0 040   |a DE-2619  |c DE-627  |d DE-2619 
LOK |0 092   |o n 
LOK |0 852   |a DE-2619 
LOK |0 852 1  |9 00 
LOK |0 935   |a nacp 
LOK |0 939   |a 17-12-24  |b l01 
ORI |a SA-MARC-krimdoka001.raw